000
00204 a2200097 4500
001
47029
100
_a
Smyth J
245
_a
Before the Dawn
260
_a
London
_b
Cassell & Co
_c
090
_c
30097
_d
30097
942
_a
NUST-CAE
_c
M
_c
22333
999
_c
282102
_d
282102